Česko-slovenská výstava / Slovensko-česká výstava /
Saved in:
| Other Authors: | , |
|---|---|
| Format: | Book |
| Language: | Czech |
| Published: |
Praha :
Národní muzeum,
2018
|
| Edition: | 1. vydanie |
| Subjects: | |
| Tags: |
No Tags, Be the first to tag this record!
|
MARC
| LEADER | 00000nam a22000003a 4500 | ||
|---|---|---|---|
| 001 | 0078204 | ||
| 003 | SK-STU | ||
| 005 | 20191205182602.6 | ||
| 007 | ta | ||
| 008 | 191205s ----xo-----e------000-0-----d | ||
| 020 | |a 978-80-7036-567-0 | ||
| 040 | |a STU |b slo | ||
| 041 | 0 | |a cze | |
| 044 | |a xr | ||
| 100 | 1 | |a Junek, Marek |4 edt | |
| 245 | 1 | 0 | |a Česko-slovenská výstava / Slovensko-česká výstava / |c ed. Marek Junek ; ed. Lenka Lubušká |
| 250 | |a 1. vydanie | ||
| 260 | |a Praha : |b Národní muzeum, |c 2018 | ||
| 300 | |a 303 s. | ||
| 650 | 0 | 7 | |a Československo |
| 650 | 0 | 7 | |a architektúra a dizajn |
| 650 | 0 | 7 | |a úžitkové umenie |
| 650 | 0 | 7 | |a dizajn produktový |
| 650 | 0 | 7 | |a história |
| 700 | 1 | |a Lubušká, Lenka |4 edt | |
| 996 | |b 284AU08230 |c A* 11490/U |l AAKNST |s P |a 0 |w 0078204_0001 | ||